|
|
|
|
| LEADER |
01832nam a2200397 a 4500 |
| 001 |
EBC1741647 |
| 003 |
MiAaPQ |
| 005 |
20200520144314.0 |
| 006 |
m o d | |
| 007 |
cr cn||||||||| |
| 008 |
130213s2006 enkad sb 001 0 eng d |
| 020 |
|
|
|z 1874719322
|
| 020 |
|
|
|z 9781874719328
|
| 020 |
|
|
|a 9781909493582 (electronic bk.)
|
| 035 |
|
|
|a (MiAaPQ)EBC1741647
|
| 035 |
|
|
|a (Au-PeEL)EBL1741647
|
| 035 |
|
|
|a (CaPaEBR)ebr10650099
|
| 035 |
|
|
|a (OCoLC)300569725
|
| 040 |
|
|
|a MiAaPQ
|c MiAaPQ
|d MiAaPQ
|
| 043 |
|
|
|a e------
|
| 050 |
|
4 |
|a HC240.9.E5
|b G68 2006
|
| 082 |
0 |
4 |
|a 333.7
|2 23
|
| 245 |
0 |
0 |
|a Governance of integrated product policy
|h [electronic resource] :
|b in search of sustainable production and consumption /
|c edited by Dirk Scheer and Frieder Rubik.
|
| 260 |
|
|
|a Sheffield, South Yorkshire, England :
|b Greenleaf Pub.,
|c 2006.
|
| 300 |
|
|
|a 377 p. :
|b ill., charts.
|
| 504 |
|
|
|a Includes bibliographical references and index.
|
| 505 |
0 |
|
|a pt. 1. The governance approach of integrated product policy -- pt. 2. Integrated product policy in practice : varieties of multi-level governance -- pt. 3. Shaping a policy mix : understanding the challenge -- pt. 4. Getting stakeholders involved : product innovation along the value chain.
|
| 533 |
|
|
|a Electronic reproduction. Ann Arbor, MI : ProQuest, 2015. Available via World Wide Web. Access may be limited to ProQuest affiliated libraries.
|
| 650 |
|
0 |
|a Sustainable development
|z European Union countries.
|
| 650 |
|
0 |
|a Environmental policy
|z European Union countries.
|
| 650 |
|
0 |
|a Industrial ecology
|z European Union countries.
|
| 655 |
|
4 |
|a Electronic books.
|
| 700 |
1 |
|
|a Scheer, Dirk.
|
| 700 |
1 |
|
|a Rubik, Frieder.
|
| 710 |
2 |
|
|a ProQuest (Firm)
|
| 856 |
4 |
0 |
|u https://ebookcentral.proquest.com/lib/matrademy/detail.action?docID=1741647
|z Click to View
|